| 000 | 00562nam a2200193 4500 | ||
|---|---|---|---|
| 001 | 123795 | ||
| 003 | ES-MaACL | ||
| 005 | 20240606062959.0 | ||
| 007 | t| | ||
| 008 | 070214s1956 sp r ||||1| spa d | ||
| 100 | 0 |
_aQuiroga, Elena, _d1921-1995 _994768 |
|
| 245 | 1 | 0 |
_aPlácida, la joven y otras narraciones / _cElena Quiroga. |
| 260 |
_aMadrid : _bPrensa Española, _c1956. |
||
| 300 |
_a186 p. ; _c22 cm. |
||
| 490 | 1 | _aLos tres dados | |
| 830 | 0 |
_aLos tres dados _9181533 |
|
| 852 |
_aES-MaACL _jC-12174 _bR.40243 |
||
| 999 |
_c123795 _d123795 |
||